Algo sobre las rocas eruptivas del N.E. de Barcelona / por el académico numerario Jaime Almera
Descripción Física:
40 p. ; 27 cm
Colección:
Memorias de la Real Academia de Ciencias y Artes de Barcelona ; 3a época, vol. 11, no. 25
Otros Autores:
Reial Acadèmia de Ciències i Arts de Barcelona
Materias:
Roques ígnies -- Barcelona (Província)
MARC
| LEADER | 00000nam a2200000Ia 4500 | ||
|---|---|---|---|
| 001 | 14761 | ||
| 008 | 160829s1915 xx 000 0 cat d | ||
| 080 | |a RF-10-52 | ||
| 100 | |a Almera, Jaime |9 27570 | ||
| 245 | |a Algo sobre las rocas eruptivas del N.E. de Barcelona / por el académico numerario Jaime Almera | ||
| 260 | |a Barcelona : |b Sobs. de López Robert, |c 1915 | ||
| 300 | |a 40 p. ; |c 27 cm | ||
| 490 | |a Memorias de la Real Academia de Ciencias y Artes de Barcelona ; 3a época, vol. 11, no. 25 | ||
| 650 | |a Roques ígnies |x Barcelona (Província) |9 38907 | ||
| 700 | |a Reial Acadèmia de Ciències i Arts de Barcelona | ||
| 856 | 4 | |u https://media.diba.cat/diba/fitxers/arxiu/fulletons/bib_14761_1915_baixa.pdf |y Accés lliure | |
| 856 | 4 | |u https://media.diba.cat/diba/fitxers/arxiu/fulletons/bib_14761_1915_baixa.pdf |y Accés lliure | |
| 901 | |a Arxiu | ||
| 942 | |n 1 |2 udc | ||
| 952 | |0 0 |1 0 |4 0 |6 RF1052 |7 1 |9 48671 |a Arxiu |b Arxiu |d 2016-12-01 |l 0 |o RF-10-52 |p 14761 |r 2016-12-01 00:00:00 |w 2016-12-01 |y ARXIU | ||
| 999 | |c 52501 |d 52501 | ||
| 900 | |a bib_14761_1915_baixa.pdf | ||